|
|
|
|
| LEADER |
01386nam a2200289 a 4500 |
| 001 |
13360392 |
| 008 |
090917s2000 bg a b 000 0 eng d |
| 010 |
|
|
|a \\2003371080
|
| 020 |
|
|
|a 9843105990
|
| 040 |
|
|
|a PIT
|c PIT
|d DLC
|
| 082 |
0 |
0 |
|a 338.91/09172/4
|2 22
|
| 245 |
0 |
0 |
|a Learning NGOs and the dynamics of development partnership /
|c edited by Farhad Hossain, Marko Ulvila, Ware Newaz.
|
| 260 |
|
|
|a Bangladesh :
|b Ahsania Books,
|c 2000.
|
| 300 |
|
|
|a 280 p. :
|b ill. ;
|c 24 cm.
|
| 500 |
|
|
|a "Dhaka Ahsania Mission in association with Coalition for Environment and Development, Finland & Vasudhaiva Kutumbkam-Lokayan (Global Responsibility Forum), India."
|
| 504 |
|
|
|a Includes bibliographical references.
|
| 541 |
1 |
|
|e 00007538
|
| 650 |
|
0 |
|a Non-governmental organizations
|z Developing countries.
|
| 650 |
|
0 |
|a Non-governmental organizations.
|
| 650 |
|
0 |
|a Economic assistance
|z Developing countries.
|
| 700 |
1 |
|
|a Hossain, Farhad.
|
| 700 |
1 |
|
|a Ulvila, Marko.
|
| 700 |
1 |
|
|a Newaz, Ware.
|
| 852 |
4 |
|
|a Ayesha Abed Library
|j General shelf
|
| 999 |
|
|
|c 4105
|d 4105
|
| 952 |
|
|
|0 0
|1 0
|2 ddc
|4 0
|6 338_910917240000000_LEA_2000
|7 0
|9 3777
|a BRACUL
|b BRACUL
|c GEN
|d 2009-10-03
|g 650.00
|l 0
|o 338.91091724 LEA
|p 3010007538
|r 2009-10-03
|t 1
|v 1300.00
|w 2009-10-03
|y BK
|
| 952 |
|
|
|0 0
|1 0
|2 ddc
|4 0
|6 338_910917240000000_LEA
|7 0
|9 43154
|a SCL
|b SCL
|c GEN
|d 2003-04-08
|l 0
|o 338.91091724 LEA
|p 3020004161
|r 2014-07-15
|t 2
|w 2014-07-15
|y BK
|